LEADER 00961nam0 2200289 450 001 000026656 005 20091021135612.0 010 $a978-88-6008-176-6 100 $a20091021d2007----km-y0itay50------ba 101 0 $aita 102 $aIT 105 $ay-------001yy 200 1 $aPolitiche di sviluppo nelle aree urbane$fFabrizio Antolini, Andrea Billi 210 $aNovara$cDe Agostini$dc2007 215 $aXV, 139 p.$d24 cm 500 10$aPolitiche di sviluppo nelle aree urbane$942507 610 1 $aEconomia urbana$aCittą$aSviluppo 610 1 $aAree urbane$aSviluppo economico e sociale 610 1 $aPeriferie$aSviluppo economico e sociale 676 $a330.91732$v20 700 1$aAntolini,$bFabrizio$0187123 701 1$aBilli,$bAndrea$0552844 801 0$aIT$bUNIPARTHENOPE$c20091021$gRICA$2UNIMARC 912 $a000026656 951 $a330-P/13$b41722$cNAVA1$d2009 996 $aPolitiche di sviluppo nelle aree urbane$942507 997 $aUNIPARTHENOPE LEADER 01081cam0 22002651 450 001 SOBE00032116 005 20130416154013.0 100 $a20130416d1951 |||||ita|0103 ba 101 $aita 102 $aIT 200 1 $a<>scoperta dell'utile nel Settecento$ela genesi del concetto di economia in Francia dai libertini agli illuministi e l'aspetto economico della storia nella storiografia dell'Illuminismo francese$fGioacchino Gargallo 210 $aRoma$cEdizioni di storia e letteratura$d1951 215 $a73 p.$d21 cm 225 2 $aLetture di pensiero e d'arte 410 1$1001LAEC00016364$12001 $a*Letture di pensiero e d'arte 700 1$aGargallo di Castel Lentini$b, Gioacchino$3A600200038791$4070$0166339 801 0$aIT$bUNISOB$c20130416$gRICA 850 $aUNISOB 852 $aUNISOB$j330$m19097 912 $aSOBE00032116 940 $aM 102 Monografia moderna SBN 941 $aM 957 $a330$b000211$gSI$d19097$1rovito$2UNISOB$3UNISOB$420130416153842.0$520130416153908.0$6rovito 996 $aScoperta dell'utile nel settecento$9589323 997 $aUNISOB